| 000 | 00895nam a22002297a 4500 | ||
|---|---|---|---|
| 003 | OSt | ||
| 005 | 20260119034344.0 | ||
| 008 | 260119b |||||||| |||| 00| 0 eng d | ||
| 020 | _a1-57230-861-3 | ||
| 040 |
_aDWC-Main lib _cOC |
||
| 082 | _aCirc. 618.92'8 G491 2003 | ||
| 100 | _aGimpel, G. | ||
| 245 |
_aEmotional and behavioral problems of young children : _beffective interventions in the preschool and kindergarten years _cGimpel, Gretchen A. |
||
| 260 |
_aNew york , London : _bthe Guilford Press, _cc2003 |
||
| 300 |
_axi, 176 pages ; _billustration ; _c28 cm. |
||
| 504 | _aIncludes bibliographical references and index | ||
| 650 | _2Adjustment disorders in children | ||
| 650 | _2Kindergarten | ||
| 650 | _2Preschool children-mental health | ||
| 700 | _aHolland, Melissa L. | ||
| 942 |
_2ddc _cBK-CIRC _hCirc. 618.92'8 G491 2003 _kCirc. _n0 |
||
| 999 |
_c7528 _d7528 |
||